Asamiya jikir jari sar (Record no. 3652)
[ view plain ]
| 000 -LEADER | |
|---|---|
| fixed length control field | 00478cam a2200193ua 4500 |
| 001 - CONTROL NUMBER | |
| control field | 3830 |
| 005 - DATE AND TIME OF LATEST TRANSACTION | |
| control field | 20260515113733.0 |
| 008 - FIXED-LENGTH DATA ELEMENTS--GENERAL INFORMATION | |
| fixed length control field | 111207n ii |||gr||||Z||||||asm |
| 040 ## - CATALOGING SOURCE | |
| Transcribing agency | MAIN |
| 082 ## - DEWEY DECIMAL CLASSIFICATION NUMBER | |
| Classification number | 782.42 |
| 100 ## - MAIN ENTRY--PERSONAL NAME | |
| Personal name | Hussain, S. M., |
| Relator term | Author. |
| 245 11 - TITLE STATEMENT | |
| Title | Asamiya jikir jari sar |
| Statement of responsibility, etc. | by S. M. Hussain |
| 250 ## - EDITION STATEMENT | |
| Edition statement | 1st. |
| 260 ## - PUBLICATION, DISTRIBUTION, ETC. | |
| Place of publication, distribution, etc. | Guwahati: |
| Name of publisher, distributor, etc. | Jyoti Prakashan,990. |
| 300 ## - PHYSICAL DESCRIPTION | |
| Extent | 189p: |
| Dimensions | 23cm. |
| 653 ## - INDEX TERM--UNCONTROLLED | |
| Uncontrolled term | Assamese song |
| 653 ## - INDEX TERM--UNCONTROLLED | |
| Uncontrolled term | Asamiya jikir jari sar |
| 942 ## - ADDED ENTRY ELEMENTS (KOHA) | |
| Koha item type | Books |
| Withdrawn status | Lost status | Damaged status | Not for loan | Home library | Current library | Shelving location | Date acquired | Total checkouts | Full call number | Barcode | Date last seen | Copy number | Price effective from | Koha item type |
|---|---|---|---|---|---|---|---|---|---|---|---|---|---|---|
| Naharkatiya College Library | Naharkatiya College Library | General stacks | 09/19/2020 | 782.42 | HUS | 9059 | 09/19/2020 | 7 | 09/19/2020 | Books | |||||
| Naharkatiya College Library | Naharkatiya College Library | General stacks | 09/19/2020 | 782.42 | HUS | 9060 | 09/19/2020 | 1 | 09/19/2020 | Books | |||||
| Naharkatiya College Library | Naharkatiya College Library | General stacks | 09/19/2020 | 782.42 | HUS | 9061 | 09/19/2020 | 3 | 09/19/2020 | Books | |||||
| Naharkatiya College Library | Naharkatiya College Library | General stacks | 09/19/2020 | 782.42 | HUS | 9062 | 09/19/2020 | 4 | 09/19/2020 | Books | |||||
| Naharkatiya College Library | Naharkatiya College Library | General stacks | 09/19/2020 | 782.42 | HUS | 9063 | 09/19/2020 | 5 | 09/19/2020 | Books | |||||
| Naharkatiya College Library | Naharkatiya College Library | General stacks | 09/19/2020 | 782.42 | HUS | 9064 | 09/19/2020 | 6 | 09/19/2020 | Books | |||||
| Naharkatiya College Library | Naharkatiya College Library | General stacks | 09/19/2020 | 782.42 | HUS | 9065 | 09/19/2020 | 2 | 09/19/2020 | Books |